Statystyki dla Wszystkie kraje graniczące z morzem czarnym

Kliknij tutaj aby rozwiązać quiz!

Ogólne statystyki

  • Ten quiz został rozwiązany 48 razy
  • Średni wynik to 6 z 6

Statystyki odpowiedzi

dlugośćkraj% Poprawnych
312 kmRosja
100%
653 kmUkraina
100%
1 188 kmTurcja
98%
247 kmGruzja
94%
155 kmRumunia
91%
193 kmBułgaria
83%

Rozkład punktacji

Percentyl według liczby udzielonych odpowiedzi

Procent ludzi z każdym wynikiem

Twoja historia wyników

Nie rozwiązałeś tego quizu